• 首页
  • 本馆介绍
  • 公告通知
  • 最新文献
  • 馆藏检索
  • 电子资源
  • 读者导购
  • 参考咨询
  • 我的图书馆
  • 登录
  • 详细信息显示
  • 放入我的书架
  • 预约/预借图书
  • 作者相关作品
  • 分类相关作品
  • 丛书相关作品
  • 出版社相关作品

书目信息

  • 表格格式
  • 工作单格式
  • 卡片格式
题名:
切削磨削加工学
    
 
作者: 高希正
分册:  
出版信息: 北京   机械工业出版社  1982.12
页数: 655页
开本: 19cm
丛书名:
单 册:
中图分类: TH122
科图分类:
主题词: 机械设计
电子资源:
ISBN:
000 00532nam0 2200205 45
001 0308271000
005 20030827104421.3
010    @dRMB2.55
091    @a15033.5296
100    @a20030827d1982 km y0chiy0120 ea
101    @achi
105    @a z 000yy
200 1  @a切削磨削加工学@Aqie xue mo xue jia gong xue@f高希正@Fgao xi zheng
210    @a北京@c机械工业出版社@d1982.12
215    @a655页@c无图表@d19cm
606 0  @a机械设计
690    @aTH122@v3
701  0 @a高希正
801    @aCN@b@c20030827
905    @aBZT@dTH122@e1
    
    切削磨削加工学/高希正.-北京:机械工业出版社,1982.12
    655页:无图表;19cm
    
    
    ISBN :RMB2.55
    
●
相关链接 在五车中查询图书 在当当中查询图书 在豆瓣中查询图书


正题名:切削磨削加工学     索取号:TH122/1         预约/预借

序号 登录号 条形码 馆藏地/架位号 状态 备注
1 1953   200304054   中心书库中库/ 中库030架A面3列4层11/ [索取号:TH122/1] 在馆    
2 1954   200304009   中心书库中库/ 中库030架A面3列4层10/ [索取号:TH122/1] 在馆    
山东省滨州职业学院图书馆 欢迎您!
大连网信软件有限公司© 版权所有